Design textbooks in civil engineering. (Record no. 547864)

000 -LEADER
fixed length control field 00843cam a2200169 4500
082 00 - DEWEY DECIMAL CLASSIFICATION NUMBER
Classification number 627.52
Author Mark LEL
-- L-22, P-11
100 1# - MAIN ENTRY--PERSONAL NAME
Personal name Leliavsky, Serge,
9 (RLIN) 43945
245 10 - TITLE STATEMENT
Title Design textbooks in civil engineering.
260 ## - PUBLICATION, DISTRIBUTION, ETC.
Place of publication, distribution, etc. London,
Name of publisher, distributor, etc. Chapman and Hall
Date of publication, distribution, etc. [1965-<1982 >
300 ## - PHYSICAL DESCRIPTION
Extent v. <1-4, 7-8 >
Other physical details illus. (part fold.)
Dimensions 26 cm.
500 ## - GENERAL NOTE
General note Based on Leliavsky's Irrigation and hydraulic design, 1955-60.
505 1# - FORMATTED CONTENTS NOTE
Formatted contents note v. 1. Irrigation engineering: canals and barrages.--v. 2. Irrigation engineering: syphons, weirs and locks.--v. 3. Design of dams for percolation and erosion.--v. 4. River and canal hydraulics. --v. 7. Arches and short span bridges.--v. 8. Hydroelectric engineering for civil engineering.
526 ## - STUDY PROGRAM INFORMATION NOTE
Program name 0
Interest level 0
Reading level 0
Title point value 627_520000000000000_LEL
650 #0 - SUBJECT ADDED ENTRY--TOPICAL TERM
Topical term or geographic name entry element Hydraulic engineering.
9 (RLIN) 3526
650 #0 - SUBJECT ADDED ENTRY--TOPICAL TERM
Topical term or geographic name entry element MCE
9 (RLIN) 379
942 ## - ADDED ENTRY ELEMENTS (KOHA)
Source of classification or shelving scheme
Koha item type Book
Holdings
Withdrawn status Lost status Source of classification or shelving scheme Damaged status Not for loan Permanent Location Current Location Date acquired Total Checkouts Full call number Barcode Date last seen Date last checked out Price effective from Koha item type
          Military College of Engineering (MCE) Military College of Engineering (MCE) 08/08/2014 1 627.52 LEL MCE-3705 09/22/2015 09/22/2015 08/08/2014 Book
© 2023 Central Library, National University of Sciences and Technology. All Rights Reserved.